000 00241 a2200097 4500
001 57467
100 _a
245 _aProgramming and problem solving with visual basic.net
260 _aBoston
_bJones & Bartlett
_c2003
090 _c35199
_d35199
942 _aNUST-CAE
_c
_c28001
999 _c292540
_d292540